Visualizzazione normale
Vista MARC
- Jones John Paul
di Personal Name
Records bibliografici associati: 1
001 - CONTROL NUMBER
- control field: 17325
003 - CONTROL NUMBER IDENTIFIER
- control field: IT-RoPau
005 - DATE AND TIME OF LATEST TRANSACTION
- control field: 20140324171338.0
008 - FIXED-LENGTH DATA ELEMENTS
- fixed length control field: 140324|| aca||aabn | a|a d
040 ## - CATALOGING SOURCE
- Original cataloging agency: IT-RoPau
- Transcribing agency: IT-RoPau
100 ## - HEADING--PERSONAL NAME
- Personal name: Jones John Paul
- Relator term: Autore musica
- Miscellaneous information: Codice autore musica SPICS: 13062
670 ## - SOURCE DATA FOUND
- Source citation: Work cat.: (IT-RoPau)98866: Jones John Paul 17321, Scream For Help-Music From The Film